|
|
|
|
| LEADER |
00000nam0a2200000 4500 |
| 001 |
72907 |
| 005 |
20231031083936.0 |
| 035 |
|
|
|a (RuTPU)RU\TPU\book\77742
|
| 035 |
|
|
|a RU\TPU\book\77081
|
| 090 |
|
|
|a 72907
|
| 100 |
|
|
|a 20050203d1976 km y0rusy50 ca
|
| 101 |
0 |
|
|a rus
|
| 102 |
|
|
|a RU
|
| 105 |
|
|
|a y z 000zy
|
| 200 |
1 |
|
|a Организационные документы библиотеки
|e Методические рекомендации
|h Ч. 2
|f ГПНТБ СО АН; Отв. ред.: Л. И. Дарьина
|
| 210 |
|
|
|a Новосибирск
|c ГПНТБ СО АН СССР
|d 1976
|
| 215 |
|
|
|a 172 с.
|
| 610 |
1 |
|
|a научные библиотеки
|
| 610 |
1 |
|
|a управление библиотекой
|
| 610 |
1 |
|
|a положения об отделах
|
| 610 |
1 |
|
|a инструкции
|
| 686 |
|
|
|a Ч737.12
|v LBC/SL-A
|2 rubbk
|
| 702 |
|
1 |
|a Дарьина
|b Л. И.
|4 540
|
| 712 |
0 |
2 |
|a ГПНТБ СО АН
|2 stltpush
|3 (RuTPU)RU\TPU\col\25
|
| 801 |
|
1 |
|a RU
|b 63413507
|c 20050117
|g PSBO
|
| 801 |
|
2 |
|a RU
|b 63413507
|c 20050301
|g PSBO
|
| 942 |
|
|
|c BK
|